000 02224nam a2200253Ia 4500
003 Ost
005 20260507075318.0
008 260507s9999||||xx |||||||||||||| ||und||
040 _cfsecg
041 _aara
082 _a332.1
100 _aطالب، علاء فرحان
_eمؤلف
245 0 _aالحوكمة المؤسسية و الأداء المالي الاستراتيجي للمصارف /
_c علاء فرحان طالب
260 _aعمان:
_bدار صفاء للنشر والتوزيع,
_c2011
300 _a200 صفحة؛
_bإيضاحات ؛
_c25 سم
504 _aالملاحق ص.169 ببليوغرافيا: ص.177- 199
520 _aالمقدمة-الفصل الأول : دراسات في الحوكمة المؤسسية والأداء المالي-الفصل الثاني : الحوكمة المؤسسية : المبحث الأول : مفهوم الحوكمة المؤسسية ، النشأة والتطور التاريخي ، الأهمية : المبحث الثاني : مبادئ الحوكمة المؤسسية : الأهداف ، المحددات : المبحث الثالث : دور الحوكمة المؤسسية في المصارف والتحديات التي تواجهها-الفصل الثالث : الأداء المالي الاستراتيجي : المبحث الأول : مفهوم الأداء المالي والتحليل المالي : المبحث الثاني : تقييم الأداء والمؤشرات المالي-الفصل الرابع : حالة دراسية : المبحث الأول : وصف متغيرات الدراسة وتشخيصها : المبحث الثاني : التحليل الإحصائي لتباين تبني متغيرات الدراسة : المبحث الثالث : قياس علاقات الارتباط بين متغيرات الدراسة : المبحث الرابع : تحليل واختبار أثر الحوكمة المؤسسية في الأداء المالي الاستراتيجي
653 _aإدارة الأعمال
653 _aالأداء المؤسسي
653 _aالبنوك
653 _aالقطاع العام
700 _aالمشهداني، ايمان شيحان
_eمؤلف ثانوي
942 _cكتاب
999 _c43909
_d43909